zpět

Detail výsledku týmu

Auto Da Fé ST, Kladno

Datum a čas kvízu

28.5 Celkem bodů Celkový počet nahraných bodů na tomto kvízu bez doplňovacích otázek.
6. Pořadí na kvízu Konečné umístění týmu na tomto kvízu.

Zaznamenané odpovědi

# Otázka Odpověď Body Výsledky
1. Středočeská obec Mirošovice po... Předčasně zveřejnila výsledky. 1
2. Na výročí Světového dne metrol... Max Planck 1
3. Režisér Quentin Tarantino, jeh... Aby nezveřejňovali obsah filmu. 0
4. Škoda Auto minulý týden předst... Citigo 1
5. V pondělí nás opustil Niki Lau... Laudamotion, Niki 0
6. Jakou barvu má pruh, který je... bílou 1
7. Jaká barva kromě zelené a bílé... žádná 0
8. Na thajské vlajce nenajdeme pr... C 0
9. Slovinskou vlajku tvoří znak v... prostřední 1
10. Který z pruhů na vlajce Maďars... A 0